اردو ادب کی باز یانت / (Record no. 171609)

MARC details
000 -LEADER
fixed length control field 00561nam a22001937a 4500
005 - DATE AND TIME OF LATEST TRANSACTION
control field 20200116121832.0
010 ## - LCCN (DPL NO)
LC control number A-521113
020 ## - INTERNATIONAL STANDARD BOOK NUMBER
Terms of availability 75.00
035 ## - SYSTEM CONTROL NUMBER
System control number A-521113
037 ## - SOURCE OF ACQUISITION
Source of stock number/acquisition BPPD/Pub.
082 ## - DEWEY DECIMAL CLASSIFICATION NUMBER
Classification number 080
100 ## - MAIN ENTRY--PERSONAL NAME
Personal name ہاسنا مر زبان
245 ## - TITLE STATEMENT
Title اردو ادب کی باز یانت /
Statement of responsibility, etc ہاسنا مر زبان
246 ## - VARYING FORM OF TITLE
Title proper/short title Urdu Adab Ki Bazyafat (Urdu)
260 ## - PUBLICATION, DISTRIBUTION, ETC. (IMPRINT)
Name of publisher, distributor, etc Maktaba Jamia
Place of publication, distribution, etc New Delhi
Date of publication, distribution, etc 1987 ء
270 ## - ADDRESS
Address Jamia Nagar
City New Delhi
Postal code 110025
300 ## - PHYSICAL DESCRIPTION
Extent 906p.
Dimensions 22cm(Hb)
942 ## - ADDED ENTRY ELEMENTS (KOHA)
Source of classification or shelving scheme Dewey Decimal Classification
Item type Urdu Bks
Classification part 080
Call number suffix ز ب ا
Holdings
Withdrawn status Lost status Not for loan Collection code Home library Current library Date acquired Source of acquisition Cost, normal purchase price Full call number Barcode Copy number Cost, replacement price Koha item type
      Non-fiction Central Library Central Library 16/01/2020 BPPD/Ven. 75.00 080 ز ب ا A-521113 1 75.00 Urdu Bks

© Delhi Public Library
Hit Counter
free hit counter